| 000 | 00967nam a2200241Ia 4500 | ||
|---|---|---|---|
| 003 | Ost | ||
| 005 | 20260507075433.0 | ||
| 008 | 260507s9999||||xx |||||||||||||| ||und|| | ||
| 040 | _cfsecg | ||
| 041 | _aara | ||
| 082 | _a332.4044 | ||
| 100 |
_aالبروجردي، مصطفى _eمؤلف |
||
| 245 | 0 |
_aفي فقه الأوراق النقدية والبنك : _bدراسة فقهية وقارنة / _c مصطفى البروجردي |
|
| 260 |
_aبيروت: _bدار الهادي, _c2005 |
||
| 300 |
_a317 صفحة؛ _bإيضاحات ؛ _c24 سم |
||
| 520 | _aيضم الخطوط العريضة، الاحكام الفقهية للنقد، البنك، الاحكام الفقهية للمعاملات المصرفية | ||
| 653 | _aالاوراق المالية | ||
| 653 | _aالبنوك | ||
| 653 | _aالنقود | ||
| 700 |
_aالعلوي، عبد الرحمان _eمؤلف ثانوي |
||
| 700 |
_aتعريب _eمؤلف ثانوي |
||
| 942 | _cكتاب | ||
| 999 |
_c44526 _d44526 |
||